000
00289pab a2200109 454500
008
180718b xxu||||| |||| 00| 0 eng d
100
_a
Agarwal, A.K
245
_a
Quality in health services
650
_a
Health Services
773
_a
Health and Population - Perspective and Issues
909
_a
2315
999
_c
2315
_d
2315